[Event "BRA-ch 71st"]
[Site "Sao Paulo"]
[Date "2005.02.14"]
[Round "1"]
[White "Mekhitarian, Krikor Sevag"]
[Black "Fier, Alexandr"]
[Result "0-1"]
[WhiteElo "2207"]
[BlackElo "2489"]
[PlyCount "110"]
[EventDate "2005.02.14"]
[EventType "swiss"]
[EventRounds "9"]
[EventCountry "BRA"]
[SourceTitle "CBM 104 Extra"]
[Source "ChessBase"]
[SourceDate "2005.03.01"]
[SourceVersion "1"]
[SourceVersionDate "2005.03.01"]
[SourceQuality "1"]

1. e4 Nf6 2. e5 Nd5 3. d4 d6 4. c4 Nb6 5. exd6 exd6 6. Nc3 Be7 7. Nf3 O-O 8. h3
Bf6 9. Be2 Re8 10. O-O Bf5 11. a4 a5 12. Be3 c6 13. b3 Na6 14. g4 Bg6 15. Qd2
Nb4 16. Rac1 d5 17. c5 Nd7 18. h4 Be4 19. Ng5 Bxg5 20. Bxg5 f6 21. Bf4 Nf8 22.
f3 Bg6 23. h5 Bf7 24. Rfe1 Ne6 25. Bd6 Ng5 26. Kg2 Qd7 27. Bd3 Be6 28. Kg3 Nxf3
29. Kxf3 Bxg4+ 30. Kf2 Bxh5 31. Bb1 Bg6 32. Bxg6 hxg6 33. Kg3 g5 34. Rxe8+ Rxe8
35. Re1 Rxe1 36. Qxe1 f5 37. Qe7 f4+ 38. Kh2 Qxe7 39. Bxe7 Nc2 40. Bxg5 Nxd4
41. Bxf4 Nxb3 42. Bc7 Nxc5 43. Bxa5 Kf7 44. Kg3 Ke6 45. Kf3 Nb3 46. Bb6 d4 47.
Ne2 Kd5 48. Nf4+ Kc4 49. Ke4 Nd2+ 50. Ke5 d3 51. Ng2 Nf1 52. Ne3+ Nxe3 53. Bxe3
Kc3 54. Kd6 Kb4 55. Bd2+ Kxa4 0-1

[Event "BRA-ch 71st"]
[Site "Sao Paulo"]
[Date "2005.02.15"]
[Round "2"]
[White "Tasoko, Toshinobu"]
[Black "Mekhitarian, Krikor Sevag"]
[Result "0-1"]
[WhiteElo "1935"]
[BlackElo "2207"]
[PlyCount "60"]
[EventDate "2005.02.14"]
[EventType "swiss"]
[EventRounds "9"]
[EventCountry "BRA"]
[SourceTitle "CBM 104 Extra"]
[Source "ChessBase"]
[SourceDate "2005.03.01"]
[SourceVersion "1"]
[SourceVersionDate "2005.03.01"]
[SourceQuality "1"]

1. e4 c5 2. Nf3 d6 3. d4 cxd4 4. Nxd4 Nf6 5. Nc3 a6 6. Bg5 e6 7. f4 Nc6 8. Nxc6
bxc6 9. e5 h6 10. Bh4 g5 11. fxg5 Nd5 12. Ne4 Qb6 13. g6 Qb4+ 14. Kf2 Qxe4 15.
gxf7+ Kd7 16. g3 Ne3 17. Qd3 Ng4+ 18. Kg1 Qxh1+ 19. Kxh1 Nf2+ 20. Kg1 Nxd3 21.
Bxd3 Be7 22. Bf6 Bxf6 23. exf6 Rf8 24. Bg6 e5 25. h4 Kc7 26. Rf1 Be6 27. b3
Bxf7 28. h5 d5 29. g4 Kd6 30. Bf5 Be6 0-1

[Event "BRA-ch 71st"]
[Site "Sao Paulo"]
[Date "2005.02.16"]
[Round "4"]
[White "Da Silva, Alessandro Rodrigue"]
[Black "Mekhitarian, Krikor Sevag"]
[Result "1/2-1/2"]
[WhiteElo "2204"]
[BlackElo "2207"]
[PlyCount "43"]
[EventDate "2005.02.14"]
[EventType "swiss"]
[EventRounds "9"]
[EventCountry "BRA"]
[SourceTitle "CBM 104 Extra"]
[Source "ChessBase"]
[SourceDate "2005.03.01"]
[SourceVersion "1"]
[SourceVersionDate "2005.03.01"]
[SourceQuality "1"]

1. e4 c5 2. Nf3 d6 3. c3 Nf6 4. Be2 g6 5. O-O Bg7 6. h3 O-O 7. Qc2 Qc7 8. d3 b5
9. Bf4 Nbd7 10. Nbd2 Bb7 11. Rfe1 e5 12. Bh2 d5 13. d4 cxd4 14. Nxd4 dxe4 15.
Nxb5 Qc6 16. Nb3 e3 17. Bf1 a6 18. Na3 exf2+ 19. Qxf2 Qc7 20. Qh4 Nh5 21. Rad1
Rfe8 22. Nc4 1/2-1/2

[Event "BRA-ch 71st"]
[Site "Sao Paulo"]
[Date "2005.02.17"]
[Round "5"]
[White "Mekhitarian, Krikor Sevag"]
[Black "Matsuura, Frederico"]
[Result "0-1"]
[WhiteElo "2207"]
[BlackElo "2280"]
[PlyCount "97"]
[EventDate "2005.02.14"]
[EventType "swiss"]
[EventRounds "9"]
[EventCountry "BRA"]
[SourceTitle "CBM 104 Extra"]
[Source "ChessBase"]
[SourceDate "2005.03.01"]
[SourceVersion "1"]
[SourceVersionDate "2005.03.01"]
[SourceQuality "1"]

1. e4 e6 2. d4 d5 3. Nc3 Bb4 4. e5 c5 5. a3 Bxc3+ 6. bxc3 Ne7 7. Qg4 Nf5 8. Bd3
h5 9. Qf4 Nc6 10. Nf3 Nce7 11. dxc5 Ng6 12. Qb4 Qc7 13. O-O O-O 14. Re1 Bd7 15.
Rb1 Rab8 16. g4 a5 17. Qb6 Qxb6 18. Rxb6 hxg4 19. Nd4 Rfc8 20. Bxf5 exf5 21.
Rd6 Be6 22. Nxe6 fxe6 23. Rxe6 Nh4 24. Rd1 Rxc5 25. Be3 Rxc3 26. Rxd5 Rxa3 27.
Rd1 Rc8 28. Re7 Rxc2 29. Bh6 Kh7 30. Bxg7 Rd3 31. Rb1 Rb2 32. Rc1 Kg6 33. Bf6
Nf3+ 34. Kg2 f4 35. Rg7+ Kf5 36. Rf7 Rdd2 37. Rf1 Re2 38. Bh8+ Kg5 39. Rg7+ Kf5
40. Rf7+ Ke4 41. e6 Nh4+ 42. Kg1 Rbc2 43. e7 Kf3 44. Ra1 Ra2 45. Rb1 a4 46. Rc1
Re4 47. Bd4 Ng6 48. Bc5 Rc2 49. Ra1 0-1

[Event "BRA-ch 71st"]
[Site "Sao Paulo"]
[Date "2005.02.17"]
[Round "6"]
[White "Mekhitarian, Krikor Sevag"]
[Black "Chemin, Vitorio"]
[Result "1-0"]
[WhiteElo "2207"]
[BlackElo "2363"]
[PlyCount "63"]
[EventDate "2005.02.14"]
[EventType "swiss"]
[EventRounds "9"]
[EventCountry "BRA"]
[SourceTitle "CBM 104 Extra"]
[Source "ChessBase"]
[SourceDate "2005.03.01"]
[SourceVersion "1"]
[SourceVersionDate "2005.03.01"]
[SourceQuality "1"]

1. e4 c5 2. Nf3 Nc6 3. d4 cxd4 4. Nxd4 Nf6 5. Nc3 d6 6. Bc4 e6 7. Be3 a6 8. Qe2
Qc7 9. Bb3 Na5 10. g4 b5 11. g5 Nd7 12. h4 Bb7 13. f3 Nc5 14. h5 b4 15. Na4
Naxb3 16. axb3 Be7 17. O-O-O Qa5 18. g6 Nxa4 19. bxa4 Qxa4 20. Kb1 h6 21. gxf7+
Kxf7 22. Qg2 Bf6 23. Qg6+ Ke7 24. e5 dxe5 25. Nf5+ Kf8 26. Bc5+ Kg8 27. Qxf6
exf5 28. Qe6+ Kh7 29. Rd7 Qxd7 30. Qxd7 Bc8 31. Qf7 Rg8 32. Bd6 1-0

[Event "BRA-ch 71st"]
[Site "Sao Paulo"]
[Date "2005.02.18"]
[Round "7"]
[White "Matsuura, Everaldo"]
[Black "Mekhitarian, Krikor Sevag"]
[Result "1-0"]
[WhiteElo "2462"]
[BlackElo "2207"]
[PlyCount "105"]
[EventDate "2005.02.14"]
[EventType "swiss"]
[EventRounds "9"]
[EventCountry "BRA"]
[SourceTitle "CBM 104 Extra"]
[Source "ChessBase"]
[SourceDate "2005.03.01"]
[SourceVersion "1"]
[SourceVersionDate "2005.03.01"]
[SourceQuality "1"]

1. Nf3 c5 2. e3 e6 3. d4 Nf6 4. c4 cxd4 5. exd4 Bb4+ 6. Nc3 b6 7. Bd3 Bb7 8.
O-O O-O 9. Bg5 Be7 10. Re1 d5 11. Qe2 Nc6 12. Nxd5 Nxd5 13. Qe4 g6 14. Qh4 Bxg5
15. Nxg5 h5 16. cxd5 exd5 17. Qf4 Qd7 18. Nf3 Qg4 19. Qh6 h4 20. h3 Qh5 21.
Qxh5 gxh5 22. Bb5 Nb4 23. Re7 Bc6 24. Bf1 Ba4 25. b3 Be8 26. Rc7 a6 27. Nxh4
Bb5 28. Nf5 Bxf1 29. Kxf1 Kh7 30. Ne7 a5 31. a3 Na6 32. Rc6 Rfe8 33. Nxd5 Red8
34. Nxb6 Ra7 35. Rd1 Nb8 36. Rc5 Rb7 37. Nc4 Rxb3 38. Rxh5+ Kg7 39. Rxa5 Nc6
40. Rg5+ Kh6 41. Rg4 Rc3 42. d5 f5 43. Rf4 Ne7 44. Ne3 Kg5 45. g3 Rd6 46. a4
Ra3 47. h4+ Kg6 48. Rfd4 Ra2 49. Kg2 Kf6 50. Nc4 Ra6 51. d6 Nc6 52. d7 R2xa4
53. Rd6+ 1-0

[Event "BRA-ch 71st"]
[Site "Sao Paulo"]
[Date "2005.02.19"]
[Round "8"]
[White "Marra, Eduardo da Costa"]
[Black "Mekhitarian, Krikor Sevag"]
[Result "1/2-1/2"]
[WhiteElo "2261"]
[BlackElo "2207"]
[PlyCount "22"]
[EventDate "2005.02.14"]
[EventType "swiss"]
[EventRounds "9"]
[EventCountry "BRA"]
[SourceTitle "CBM 104 Extra"]
[Source "ChessBase"]
[SourceDate "2005.03.01"]
[SourceVersion "1"]
[SourceVersionDate "2005.03.01"]
[SourceQuality "1"]

1. e4 c5 2. Nf3 d6 3. d4 cxd4 4. Nxd4 Nf6 5. Nc3 a6 6. Bc4 e6 7. Bb3 Be7 8. O-O
O-O 9. f4 b5 10. e5 dxe5 11. fxe5 Bc5 1/2-1/2

[Event "Regina Helena Marques 3rd"]
[Site "Santos"]
[Date "2005.09.26"]
[Round "1"]
[White "Sega, Carlos Alberto"]
[Black "Mekhitarian, Krikor Sevag"]
[Result "1/2-1/2"]
[WhiteElo "2300"]
[BlackElo "2280"]
[PlyCount "82"]
[EventDate "2005.09.26"]
[EventType "tourn"]
[EventRounds "9"]
[EventCountry "BRA"]
[EventCategory "5"]
[SourceTitle "EXT 2008"]
[Source "ChessBase"]
[SourceDate "2007.11.25"]
[SourceVersion "1"]
[SourceVersionDate "2007.11.25"]
[SourceQuality "1"]

1. c4 c5 2. Nf3 Nc6 3. g3 e5 4. d3 g6 5. Bg2 Bg7 6. Nc3 Nge7 7. O-O O-O 8. Rb1
d6 9. a3 a5 10. Nd5 Rb8 11. Bg5 f6 12. Nxe7+ Qxe7 13. Bd2 f5 14. b4 axb4 15.
axb4 cxb4 16. Bxb4 Nxb4 17. Rxb4 d5 18. Qb1 e4 19. Ne1 Bc3 20. Rb5 dxc4 21.
dxc4 Be6 22. Qb3 Bxe1 23. Rxe1 Rfc8 24. Rc1 Qf7 25. Rb4 Rc5 26. e3 Qc7 27. Bf1
Bf7 28. Rb6 Rc6 29. Rb1 Rxb6 30. Qxb6 Qxb6 31. Rxb6 Rc8 32. Rxb7 Bxc4 33. Bxc4+
Rxc4 34. Kg2 Rc2 35. h3 Rc5 36. g4 fxg4 37. hxg4 Rg5 38. Kh3 h5 39. gxh5 Rxh5+
40. Kg4 Rf5 41. Kg3 Rg5+ 1/2-1/2

[Event "Regina Helena Marques 3rd"]
[Site "Santos"]
[Date "2005.09.27"]
[Round "3"]
[White "Santos, Marcus Vinicius M"]
[Black "Mekhitarian, Krikor Sevag"]
[Result "1/2-1/2"]
[WhiteElo "2353"]
[BlackElo "2280"]
[PlyCount "73"]
[EventDate "2005.09.26"]
[EventType "tourn"]
[EventRounds "9"]
[EventCountry "BRA"]
[EventCategory "5"]
[SourceTitle "EXT 2008"]
[Source "ChessBase"]
[SourceDate "2007.11.25"]
[SourceVersion "1"]
[SourceVersionDate "2007.11.25"]
[SourceQuality "1"]

1. d4 Nf6 2. c4 e6 3. Nc3 Bb4 4. e3 c5 5. a3 Bxc3+ 6. bxc3 O-O 7. Bd3 Nc6 8.
Ne2 b6 9. e4 Ne8 10. O-O Ba6 11. f4 f5 12. d5 Na5 13. e5 Bxc4 14. Bxc4 Nxc4 15.
d6 Na5 16. Qd3 Rf7 17. c4 h6 18. Bd2 Nc6 19. Qg3 Kh7 20. Rab1 g6 21. Be3 Rg7
22. h4 Rg8 23. Kf2 Ng7 24. Rh1 Nh5 25. Qf3 Rf8 26. g3 Qc8 27. Rhc1 Qa6 28. Bd2
Rac8 29. a4 Rb8 30. Qb3 Qc8 31. a5 bxa5 32. Qa4 Nb4 33. Rb3 Rb6 34. Qxa5 Ra6
35. Qb5 Rb6 36. Qa5 Ra6 37. Qb5 1/2-1/2

[Event "BRA-ch 72nd"]
[Site "Guarulhos"]
[Date "2005.12.12"]
[Round "1"]
[White "Mekhitarian, Krikor Sevag"]
[Black "Matsuura, Everaldo"]
[Result "1-0"]
[WhiteElo "2280"]
[BlackElo "2453"]
[PlyCount "197"]
[EventDate "2005.12.12"]
[EventType "tourn"]
[EventRounds "11"]
[EventCountry "BRA"]
[EventCategory "6"]
[SourceTitle "CBM 109 Extra"]
[Source "ChessBase"]
[SourceDate "2006.01.03"]
[SourceVersion "2"]
[SourceVersionDate "2006.01.03"]
[SourceQuality "1"]

1. e4 e5 2. Nf3 Nc6 3. Bb5 a6 4. Ba4 Nf6 5. O-O Be7 6. Re1 b5 7. Bb3 d6 8. c3
O-O 9. h3 Na5 10. Bc2 c5 11. d4 Qc7 12. Nbd2 cxd4 13. cxd4 Bb7 14. d5 Rac8 15.
Bd3 Nd7 16. Nf1 f5 17. Ne3 f4 18. Nf5 Bd8 19. b3 g6 20. Nh6+ Kg7 21. Ng4 h5 22.
Ngh2 g5 23. Ba3 Qb6 24. Bb4 Nc5 25. Qd2 Nxd3 26. Qxd3 Ba8 27. Rec1 Bf6 28. Rxc8
Rxc8 29. a4 Nb7 30. axb5 axb5 31. Nd2 Nc5 32. Qe2 Kg6 33. h4 Na6 34. hxg5 Bxg5
35. Ba5 Qd4 36. Rd1 Qc5 37. Nhf3 Bf6 38. b4 Nxb4 39. Rb1 Nc2 40. Qxb5 Qxb5 41.
Rxb5 Nd4 42. Rb6 Rc5 43. Bb4 Rc1+ 44. Kh2 Nxf3+ 45. Nxf3 Bxd5 46. exd5 e4 47.
Bxd6 Kf5 48. Bxf4 Rd1 49. Rxf6+ Kxf6 50. Nd2 Kf5 51. Be3 Ke5 52. d6 Kxd6 53.
Nxe4+ Ke5 54. Nd2 Kf5 55. Kg3 Rh1 56. Nf3 Ke4 57. Ng5+ Kf5 58. Nh3 Kg6 59. Kf3
Kf5 60. Nf4 h4 61. Ne2 Rb1 62. Nd4+ Kg6 63. Bf4 Kh5 64. Nf5 Rb3+ 65. Be3 Rb1
66. Ng7+ Kg6 67. Ne6 Kf5 68. Ng5 Ra1 69. Nh3 Rb1 70. g4+ hxg3 71. fxg3 Rf1+ 72.
Bf2 Rb1 73. g4+ Kf6 74. Be3 Kg6 75. Nf4+ Kf6 76. Ng2 Rf1+ 77. Kg3 Rb1 78. Nh4
Rb3 79. Kf3 Ra3 80. Ng2 Ra5 81. Kg3 Kg6 82. Kh4 Rb5 83. Nf4+ Kf6 84. Bd4+ Kf7
85. g5 Rb4 86. Ne2 Kg6 87. Kg4 Ra4 88. Nf4+ Kf7 89. Be5 Rb4 90. Kf5 Rb1 91. g6+
Kg8 92. Nd5 Rf1+ 93. Ke6 Rg1 94. Ne7+ Kf8 95. Kf6 Rf1+ 96. Nf5 Kg8 97. Bd4 Kf8
98. Kg5 Rh1 99. g7+ 1-0

[Event "BRA-ch sf"]
[Site "Sao Paulo"]
[Date "2006.??.??"]
[Round "1"]
[White "Mekhitarian, Krikor Sevag"]
[Black "Cavalcanti, Francisco de Assis"]
[Result "1-0"]
[WhiteElo "2394"]
[BlackElo "2272"]
[PlyCount "63"]
[EventDate "2006.??.??"]
[EventType "swiss"]
[EventRounds "7"]
[EventCountry "BRA"]
[SourceTitle "EXT 2008"]
[Source "ChessBase"]
[SourceDate "2007.11.25"]
[SourceVersion "1"]
[SourceVersionDate "2007.11.25"]
[SourceQuality "1"]

1. e4 c5 2. Nf3 Nc6 3. d4 cxd4 4. Nxd4 e5 5. Nb5 d6 6. c4 Be7 7. N1c3 a6 8. Na3
Nf6 9. Nc2 O-O 10. Bd3 Nd7 11. Ne3 Nc5 12. Bb1 g6 13. O-O Rb8 14. Ncd5 Bg5 15.
b4 Ne6 16. g3 Bh6 17. Bd3 Bg7 18. Rb1 Ncd4 19. f4 exf4 20. gxf4 Nc7 21. f5 Nxd5
22. Nxd5 Be5 23. Rb2 b5 24. Rg2 Qh4 25. Bg5 Qh3 26. Nf4 Qe3+ 27. Kh1 bxc4 28.
Nxg6 Qxd3 29. Nxe5 Qxe4 30. Bf6+ Qxg2+ 31. Kxg2 Bxf5 32. Rxf5 1-0

[Event "BRA-ch sf"]
[Site "Sao Paulo"]
[Date "2006.??.??"]
[Round "2"]
[White "El Debs, Felipe de Cresce"]
[Black "Mekhitarian, Krikor Sevag"]
[Result "1/2-1/2"]
[WhiteElo "2355"]
[BlackElo "2394"]
[PlyCount "36"]
[EventDate "2006.??.??"]
[EventType "swiss"]
[EventRounds "7"]
[EventCountry "BRA"]
[SourceTitle "EXT 2008"]
[Source "ChessBase"]
[SourceDate "2007.11.25"]
[SourceVersion "1"]
[SourceVersionDate "2007.11.25"]
[SourceQuality "1"]

1. d4 Nf6 2. c4 e6 3. g3 d5 4. Nf3 Be7 5. Bg2 O-O 6. O-O dxc4 7. Ne5 Nc6 8.
Nxc6 bxc6 9. e3 Nd5 10. Qa4 a5 11. Qxc6 Ba6 12. Rd1 Qd6 13. Qa4 Qb4 14. Qc2 Qb6
15. Nd2 Nb4 16. Qc3 Nd5 17. Qc2 Nb4 18. Qc3 Nd5 1/2-1/2

[Event "BRA-ch sf"]
[Site "Sao Paulo"]
[Date "2006.??.??"]
[Round "3"]
[White "Mekhitarian, Krikor Sevag"]
[Black "Choma, Ernani Francisco"]
[Result "1/2-1/2"]
[WhiteElo "2394"]
[BlackElo "2266"]
[PlyCount "105"]
[EventDate "2006.??.??"]
[EventType "swiss"]
[EventRounds "7"]
[EventCountry "BRA"]
[SourceTitle "EXT 2008"]
[Source "ChessBase"]
[SourceDate "2007.11.25"]
[SourceVersion "1"]
[SourceVersionDate "2007.11.25"]
[SourceQuality "1"]

1. e4 c5 2. Nf3 e6 3. d4 cxd4 4. Nxd4 Nf6 5. Nc3 Nc6 6. Ndb5 d6 7. Bf4 e5 8.
Bg5 a6 9. Na3 b5 10. Bxf6 gxf6 11. Nd5 Bg7 12. Bd3 Ne7 13. Nxe7 Qxe7 14. O-O
O-O 15. c4 f5 16. Qf3 Re8 17. Rfe1 b4 18. Nc2 f4 19. Nxb4 Rb8 20. a3 Qg5 21.
Be2 f5 22. exf5 Bxf5 23. Qd5+ Kh8 24. Bf3 a5 25. Qxa5 Qg6 26. Nd5 Rb3 27. Nc3
Rxc3 28. bxc3 e4 29. g3 Be5 30. Bg2 h5 31. Qd5 Bxc3 32. c5 f3 33. Bf1 e3 34.
Qxf3 Bg4 35. Qf4 Bxe1 36. Rxe1 e2 37. Bxe2 Bxe2 38. cxd6 Bb5 39. Rc1 Kg8 40. h3
Rf8 41. Qe3 Bd7 42. Rc5 Rf5 43. Qe4 Qf7 44. Rxf5 Bxf5 45. Qf4 Bxh3 46. Qg5+ Kh7
47. Qe7 Kg7 48. Qg5+ Kh7 49. a4 Qf3 50. Qe7+ Kg8 51. Qe8+ Kh7 52. Qe7+ Kg8 53.
Qe8+ 1/2-1/2

[Event "BRA-ch sf"]
[Site "Sao Paulo"]
[Date "2006.??.??"]
[Round "4"]
[White "Van Riemsdijk, Herman Claudius"]
[Black "Mekhitarian, Krikor Sevag"]
[Result "1-0"]
[WhiteElo "2358"]
[BlackElo "2394"]
[PlyCount "93"]
[EventDate "2006.??.??"]
[EventType "swiss"]
[EventRounds "7"]
[EventCountry "BRA"]
[SourceTitle "EXT 2008"]
[Source "ChessBase"]
[SourceDate "2007.11.25"]
[SourceVersion "1"]
[SourceVersionDate "2007.11.25"]
[SourceQuality "1"]

1. e4 c5 2. Nf3 d6 3. d4 cxd4 4. Nxd4 Nf6 5. Nc3 a6 6. Bc4 e6 7. Bb3 b5 8. f4
Bb7 9. f5 e5 10. Nf3 Be7 11. Bd5 Nxd5 12. Nxd5 Nd7 13. Be3 O-O 14. O-O Nf6 15.
Bb6 Qe8 16. Nc7 Qc6 17. Nxa8 Rxa8 18. Bf2 Qxe4 19. Qd3 Qc6 20. Qe2 Ne4 21. Be3
f6 22. Nd2 Rc8 23. c3 Nxd2 24. Qxd2 a5 25. Rf3 Qd7 26. Rf2 Be4 27. a4 b4 28.
cxb4 axb4 29. Qxb4 d5 30. Qb3 Kf8 31. Bb6 d4 32. a5 Bd5 33. Qd1 Qc6 34. Qd2 Qc4
35. Rff1 Bb4 36. Qc1 Qa6 37. Qd1 d3 38. Qa4 Qc4 39. Rac1 Qxc1 40. Qxb4+ Kf7 41.
Rxc1 Rxc1+ 42. Kf2 Rc2+ 43. Ke1 e4 44. Be3 Re2+ 45. Kf1 Rxe3 46. Qc5 Re2 47.
Qxd5+ 1-0

[Event "BRA-ch sf"]
[Site "Sao Paulo"]
[Date "2006.??.??"]
[Round "5"]
[White "Mekhitarian, Krikor Sevag"]
[Black "Medeiros, Horacio Prol"]
[Result "1-0"]
[WhiteElo "2394"]
[BlackElo "2165"]
[PlyCount "51"]
[EventDate "2006.??.??"]
[EventType "swiss"]
[EventRounds "7"]
[EventCountry "BRA"]
[SourceTitle "EXT 2008"]
[Source "ChessBase"]
[SourceDate "2007.11.25"]
[SourceVersion "1"]
[SourceVersionDate "2007.11.25"]
[SourceQuality "1"]

1. e4 e5 2. Nf3 Nc6 3. Bb5 Bc5 4. c3 f5 5. d4 fxe4 6. Bxc6 dxc6 7. Nfd2 Qh4 8.
dxc5 e3 9. O-O exd2 10. Nxd2 Nf6 11. Qb3 e4 12. Re1 Bf5 13. Qxb7 Ng4 14. Qxc6+
Kf8 15. Qxa8+ Kf7 16. Qd5+ Kg6 17. Qc6+ Kh5 18. Nxe4 Qxh2+ 19. Kf1 Rf8 20. Ng3+
Kh4 21. Nxf5+ Rxf5 22. Be3 Nxe3+ 23. Rxe3 Qh1+ 24. Ke2 Qxa1 25. Qe4+ Kg5 26.
f4+ 1-0

[Event "BRA-ch sf"]
[Site "Sao Paulo"]
[Date "2006.??.??"]
[Round "6"]
[White "Pelikian, Jefferson"]
[Black "Mekhitarian, Krikor Sevag"]
[Result "0-1"]
[WhiteElo "2395"]
[BlackElo "2394"]
[PlyCount "56"]
[EventDate "2006.??.??"]
[EventType "swiss"]
[EventRounds "7"]
[EventCountry "BRA"]
[SourceTitle "EXT 2008"]
[Source "ChessBase"]
[SourceDate "2007.11.25"]
[SourceVersion "1"]
[SourceVersionDate "2007.11.25"]
[SourceQuality "1"]

1. e4 c5 2. Nf3 d6 3. c3 Nf6 4. Bb5+ Nbd7 5. d3 e5 6. O-O Be7 7. Re1 a6 8. Ba4
b5 9. Bc2 O-O 10. Nbd2 Re8 11. Nf1 Bf8 12. d4 g6 13. a4 Bb7 14. dxe5 dxe5 15.
Bg5 Qc7 16. Qc1 c4 17. Ng3 Be7 18. axb5 axb5 19. Rxa8 Rxa8 20. h3 Nc5 21. Nh2
h5 22. Nhf1 Ne6 23. Bh4 Nf4 24. Ne2 Nxg2 25. Kxg2 Nxe4 26. Bxe4 Bxe4+ 27. Kg3
Bxh4+ 28. Kxh4 Ra1 0-1

[Event "BRA-ch sf"]
[Site "Sao Paulo"]
[Date "2006.??.??"]
[Round "7"]
[White "Di Berardino, Diego Rafael"]
[Black "Mekhitarian, Krikor Sevag"]
[Result "1-0"]
[WhiteElo "2342"]
[BlackElo "2394"]
[PlyCount "67"]
[EventDate "2006.??.??"]
[EventType "swiss"]
[EventRounds "7"]
[EventCountry "BRA"]
[SourceTitle "EXT 2008"]
[Source "ChessBase"]
[SourceDate "2007.11.25"]
[SourceVersion "1"]
[SourceVersionDate "2007.11.25"]
[SourceQuality "1"]

1. e4 c5 2. Nf3 d6 3. d4 cxd4 4. Nxd4 Nf6 5. Nc3 a6 6. Be3 e5 7. Nf3 Be7 8. Bc4
O-O 9. O-O Nc6 10. Qe2 b5 11. Bb3 Na5 12. Bg5 b4 13. Nd5 Nxd5 14. Bxd5 Rb8 15.
Bxe7 Qxe7 16. a3 b3 17. Rac1 bxc2 18. b4 Nb7 19. Qxa6 Nc5 20. Qe2 Ne6 21. Bxe6
Bxe6 22. Rxc2 Ra8 23. Rc3 f5 24. Rfc1 g5 25. Nxg5 f4 26. Qh5 Ra7 27. Nxe6 Qxe6
28. Rc7 Rxc7 29. Rxc7 h6 30. h3 Ra8 31. b5 Rxa3 32. b6 Ra1+ 33. Kh2 Rb1 34. b7
1-0

[Event "Sao Jose do Rio Preto 05th"]
[Site "Sao Jose de Rio Preto"]
[Date "2006.03.??"]
[Round "1"]
[White "Santos, Marcus Vinicius M"]
[Black "Mekhitarian, Krikor Sevag"]
[Result "1/2-1/2"]
[WhiteElo "2346"]
[BlackElo "2394"]
[PlyCount "144"]
[EventDate "2006.03.??"]
[EventType "tourn"]
[EventRounds "11"]
[EventCountry "BRA"]
[SourceTitle "EXT 2007"]
[Source "ChessBase"]
[SourceDate "2006.11.23"]
[SourceVersion "1"]
[SourceVersionDate "2006.11.23"]
[SourceQuality "1"]

1. d4 d5 2. c4 e5 3. dxe5 d4 4. Nf3 Nc6 5. Nbd2 Nge7 6. Nb3 Nf5 7. a3 Be6 8.
Qd3 a5 9. Bg5 Qd7 10. Rd1 h6 11. Bc1 O-O-O 12. e3 dxe3 13. Qxd7+ Rxd7 14. fxe3
Rxd1+ 15. Kxd1 g5 16. Bd3 Bg7 17. Nfd4 Nfxd4 18. exd4 a4 19. Nc5 Nxd4 20. Nxe6
fxe6 21. h4 g4 22. Bf4 Rf8 23. Rf1 Nf5 24. g3 Kd7 25. h5 Bxe5 26. Bxe5 Ne3+ 27.
Ke1 Nxf1 28. Bxf1 Rf5 29. Bf4 Rxh5 30. Be2 Rh1+ 31. Kf2 Rb1 32. Be5 h5 33. Bd3
Rc1 34. Ke2 Rh1 35. Bc2 h4 36. Bxa4+ c6 37. gxh4 Rxh4 38. Bg3 Rh3 39. Kf2 Rh1
40. Bc2 Rc1 41. Bd3 Rd1 42. Ke2 Rg1 43. Kf2 Rd1 44. Ke3 Rg1 45. Kf4 Rg2 46. b4
Ra2 47. Kxg4 Rxa3 48. Be2 Rb3 49. b5 Re3 50. Bf1 e5 51. Bf2 Re4+ 52. Kf3 Rf4+
53. Ke3 Kd6 54. Bd3 cxb5 55. cxb5 Kd5 56. Be2 Ra4 57. Bf3+ e4 58. Be2 Rb4 59.
Kf4 Rb3 60. Be3 Rb2 61. Bf1 Rb1 62. Be2 Re1 63. Bg4 Rf1+ 64. Kg3 Rf7 65. Be2
Ke5 66. b6 Rf8 67. Kg2 Rc8 68. Kf2 Rc3 69. Bf1 Kd5 70. Be2 Rb3 71. Bh5 Rb2+ 72.
Be2 Rb3 1/2-1/2

[Event "Sao Jose do Rio Preto 05th"]
[Site "Sao Jose de Rio Preto"]
[Date "2006.03.??"]
[Round "3"]
[White "Quiroga, Facundo"]
[Black "Mekhitarian, Krikor Sevag"]
[Result "1-0"]
[WhiteElo "2301"]
[BlackElo "2394"]
[PlyCount "153"]
[EventDate "2006.03.??"]
[EventType "tourn"]
[EventRounds "11"]
[EventCountry "BRA"]
[SourceTitle "EXT 2007"]
[Source "ChessBase"]
[SourceDate "2006.11.23"]
[SourceVersion "1"]
[SourceVersionDate "2006.11.23"]
[SourceQuality "1"]

1. d4 Nf6 2. c4 e6 3. Nf3 b6 4. g3 Bb7 5. Bg2 Be7 6. O-O O-O 7. Nc3 Ne4 8. Nxe4
Bxe4 9. Ne1 Bxg2 10. Nxg2 d5 11. Qa4 Qd7 12. Qxd7 Nxd7 13. cxd5 exd5 14. Rd1
Rfd8 15. Ne3 Nf8 16. Nf5 Bf6 17. Bf4 Rd7 18. Rac1 Ne6 19. Rc6 Nxf4 20. gxf4 Re8
21. e3 Re6 22. Rdc1 Rxc6 23. Rxc6 Bd8 24. a4 a5 25. Kf1 Kf8 26. Ke2 g6 27. Ng3
Ke7 28. Kd3 Rd6 29. Rxd6 Kxd6 30. f3 Bf6 31. e4 Bg7 32. f5 Bh6 33. e5+ Ke7 34.
f6+ Ke6 35. Ne2 g5 36. Ng3 g4 37. fxg4 Bf4 38. Nf5 c5 39. Ng7+ Kd7 40. h4 h6
41. b3 Bc1 42. e6+ fxe6 43. f7 c4+ 44. bxc4 dxc4+ 45. Kxc4 Ba3 46. d5 exd5+ 47.
Kxd5 Ke7 48. Nf5+ Kxf7 49. Nxh6+ Kf6 50. Nf5 Bc5 51. Ng3 Kg6 52. h5+ Kh6 53.
g5+ Kg7 54. Nf5+ Kf7 55. Nd4 Be7 56. Ne6 Bb4 57. Nd8+ Kg7 58. Nc6 Bd2 59. Nd4
Kf7 60. Nf3 Be3 61. Ne5+ Kg7 62. g6 Bd2 63. Nc4 Bc3 64. Nxb6 Kh6 65. Ke6 Kxh5
66. Kf7 Kh6 67. Nc4 Kg5 68. Nxa5 Kf5 69. Nc4 Ke4 70. a5 Kd5 71. a6 Kc6 72. a7
Kb7 73. Nd6+ Ka8 74. Nc8 Bb2 75. Nd6 Kxa7 76. Ne8 Bh8 77. Ng7 1-0

[Event "Sao Jose do Rio Preto 05th"]
[Site "Sao Jose de Rio Preto"]
[Date "2006.03.??"]
[Round "4"]
[White "Mekhitarian, Krikor Sevag"]
[Black "Valiente, Cristobal"]
[Result "1-0"]
[WhiteElo "2394"]
[BlackElo "2307"]
[PlyCount "81"]
[EventDate "2006.03.??"]
[EventType "tourn"]
[EventRounds "11"]
[EventCountry "BRA"]
[SourceTitle "EXT 2007"]
[Source "ChessBase"]
[SourceDate "2006.11.23"]
[SourceVersion "1"]
[SourceVersionDate "2006.11.23"]
[SourceQuality "1"]

1. e4 e5 2. Nf3 Nc6 3. Bb5 a6 4. Ba4 d6 5. c3 Bd7 6. O-O g6 7. d4 Bg7 8. d5
Nce7 9. Bxd7+ Qxd7 10. c4 Nf6 11. Nc3 O-O 12. a4 h6 13. c5 Nh5 14. cxd6 cxd6
15. Nd2 Rac8 16. g3 Qh3 17. Qe2 f5 18. f3 fxe4 19. fxe4 Nf6 20. Nc4 Rcd8 21.
Be3 Nc8 22. a5 Rf7 23. Qg2 Qd7 24. h3 Rdf8 25. g4 h5 26. g5 Ne8 27. Rxf7 Rxf7
28. Nb6 Qd8 29. h4 Nc7 30. Qh3 Na7 31. Rf1 Rxf1+ 32. Kxf1 Kh7 33. Ke2 Bf8 34.
Nd7 Nab5 35. Nxb5 Nxb5 36. Qe6 Kg7 37. Nf6 Be7 38. Nxh5+ gxh5 39. Qh6+ Kf7 40.
g6+ Ke8 41. Qh8+ 1-0